1002 1316 1042 1401 1704 1532 1297 1294 1343 1528 1897 1392 1260 1775 1681 1912 1674 1762 1119 1404 1238 1934 1479 1017 1720 1451 1305 1399 1545 1652 1572 1911 1791 1963 1836 1733 1302 1609 1893 1603 1171 1228 1897 1042 1802 1669 1257 1620 1251 1959 1949 1161 1356 1031 1396 1862 1689 1045 1718 1027 1782 1895 1275 1088 1097 1613 1737 1297 1544 1341 1965 1509 1293 1238 1642 1531 1962 1464 1941 1763 1598 1083 1149 1427 1710 1634 1972 1327 1697 1276 1832 1764 1233 1029 1780 1210 1167 1713 1675 BCNSPRNW ULIB Ver.6.0+V

เปลี่ยนเป็นภาษาไทย

Change to English
 แสดงรายละเอียดบรรณานุกรม
  กลับหน้าหลัก

Brief Record : Get Marc (ISO 2709) : E-mail record : QR code < ปิดหน้าต่าง
LEADER : 00000nam 2200000uu 4500
001    13399109576
003     ULIB
008    110405s2551||||th 000 0 tha d
020    9789746666022
060 04 WB460^bน358ห 2551
100 0  น้อมจิตต์ นวลเนตร์
245 10 หลักการทางกายภาพบำบัดสำหรับผู้ป่วยทางระบบประสาท /^cน้อมจิตต์ นวลเนตร์
250    พิมพ์ครั้งที่ 4
260    ขอนแก่น :^bสายวิชากายภาพบำบัด คณะเทคนิคการแพทย์มหาวิทยาลัยขอนแก่น,^c2551
300    272 หน้า :^bภาพประกอบ ;^c27 ซม.
650  7 กายภาพบำบัด
650  7 ระบบประสาท^xโรค^xกายภาพบำบัด
650  7 ระบบประสาท^xโรค^xการรักษา
710 2  มหาวิทยาลัยขอนแก่น. ^bคณะเทคนิคการแพทย์
945    ^p250^l0^i026195
945    ^p250^l0^i026194
945    ^p250^l0^i026193
995    ทศพร
999 ^a ใช้งานได้ทุกระบบ
รายการนี้ยังไม่มีแท็ก
คุณยังไม่ได้ล็อกอิน คุณสามารถมีกิจกรรมร่วมกับเว็บไซต์ได้ แต่ต้องล็อกอินก่อน ::
  ล็อกอิน

รายการสื่อสารสนเทศ

ลำดับที่ ประเภท เลขเรียก/บาร์โค้ด สถานที่ สถานะ
- ไม่พบข้อมูล -

รายการใกล้เคียง
    ผู้แต่ง [น้อมจิตต์ นวลเนตร์]

    หัวเรื่อง [กายภาพบำบัด]

BibComment


ยังไม่เคยถูกคอมเมนท์

คอมเมนท์ทรัพยากรรายการนี้
  คอมเมนท์: หลักการทางกายภาพบ..


 Copyright 2026. Bcnsprnw @Library